| 000 | 00438 a2200169 4500 | ||
|---|---|---|---|
| 003 | OSt | ||
| 005 | 20240209104025.0 | ||
| 008 | 240209b |||||||| |||| 00| 0 eng d | ||
| 020 | _a9780980727753 | ||
| 040 | _coclc | ||
| 082 |
_a297 _bISR/M |
||
| 245 | _a Islamile Pravajakan Muhammad / | ||
| 250 | _a1st ed. | ||
| 260 |
_aKuwait: _bISRA, _c2014. |
||
| 300 | _a272p. | ||
| 942 |
_2ddc _cBK _h297 _iISR/M _k297 _mISR/M |
||
| 999 |
_c44423 _d44423 |
||